| 000 | 00678nam a2200205 i 4500 | ||
|---|---|---|---|
| 001 | 72057 | ||
| 003 | ES-MaACL | ||
| 005 | 20240705063043.0 | ||
| 007 | t| | ||
| 008 | 040825s1980 sp ||||1| spa d | ||
| 100 | 0 |
_aGil Novales, Alberto, _d1930-2016 _956851 |
|
| 245 | 1 | 3 |
_aLa Revolución de 1868 en el Alto Aragón / _cAlberto Gil Novales. |
| 260 |
_a[Zaragoza] : _bGuara, _c[1980] |
||
| 300 |
_a122 p. ; _c20 cm. |
||
| 490 | 1 |
_aColección básica aragonesa ; _v24 |
|
| 651 | 4 |
_aEspaña- _xHistoria- _y1868, Revolución. _9149661 |
|
| 830 | 0 |
_aColección básica aragonesa ; _v24 _9180901 |
|
| 852 |
_aES-MaACL _jC-36803 _bR.100610 |
||
| 999 |
_c72057 _d72057 |
||